Tư tưởng chính trị của Hồ Quý Ly

Trình bày cơ sở hình thành tư tưởng chính trị Hồ Quý Ly, từ đó đi sâu phân tích nội dung tư tưởng chính trị,...

محفوظ في:
التفاصيل البيبلوغرافية
المؤلف الرئيسي: Nguyễn, Hoài Văn
التنسيق: كتاب
اللغة:Undetermined
منشور في: Hà Nội Chính trị Quốc gia - Sự thật 2017
الموضوعات:
الوسوم: إضافة وسم
لا توجد وسوم, كن أول من يضع وسما على هذه التسجيلة!
Thư viện lưu trữ: Trung tâm Học liệu Trường Đại học Cần Thơ
LEADER 00821nam a2200217Ia 4500
001 CTU_224535
008 210402s9999 xx 000 0 und d
020 |c 33000 
082 |a 959.70251 
082 |b V115 
100 |a Nguyễn, Hoài Văn 
245 0 |a Tư tưởng chính trị của Hồ Quý Ly 
245 0 |c Nguyễn Hoài Văn, Lê Thanh Quân 
260 |a Hà Nội 
260 |b Chính trị Quốc gia - Sự thật 
260 |c 2017 
520 |a Trình bày cơ sở hình thành tư tưởng chính trị Hồ Quý Ly, từ đó đi sâu phân tích nội dung tư tưởng chính trị,... 
650 |a Vietnam,Việt Nam 
650 |x History,Lịch sử 
910 |b nthai 
980 |a Trung tâm Học liệu Trường Đại học Cần Thơ